| 000 | 00888nas a2200277 4500 | ||
|---|---|---|---|
| 001 | BR2018001984 | ||
| 003 | BR-BrBNA | ||
| 005 | 20231205131418.0 | ||
| 007 | ta | ||
| 008 | 230509b bl.|||p| |||| 00| 00por d | ||
| 040 |
_aBR-BrBNA _bpor _cBiblioteca Nacional de Agricultura |
||
| 041 | _a(En) | ||
| 072 | _aF02 | ||
| 100 | 1 | _aDenardi, F. | |
| 100 | 1 | _aKvitschal, M.V. | |
| 100 | 1 | _aHawerroth, M.C. | |
| 245 | 1 | _aYield performance of apple rootstocks of the Geneva series on replanting soil | |
| 650 | _aMAÇÃ | ||
| 650 | _aPORTA ENXERTO | ||
| 650 | _aPROPAGAÇÃO VEGETATIVA | ||
| 650 | _aREBROTA | ||
| 773 | 0 |
_tPesquisa Agropecuária Brasileira (Brazil) _xISSN 1678-3921 _g(Aug 2018), v. 53(8) p. 924-933 _wBR2018001984 |
|
| 856 | 4 | 0 | _uhttp://seer.sct.embrapa.br/index.php/pab/article/view/26080/14271 |
| 909 |
_a202311 _bLúcia _c55 _dLúcia Elande |
||
| 942 |
_2AGRIS _n0 _cANA |
||
| 999 |
_c254667 _d254667 |
||